000 00322nam a2200133 a 4500
008 971010s1973||||xx 0 und c
040 _aSNK
_bslo
_cSNK
_eAACR2
100 1 _aDickens, Charles
_d1812-1870
245 1 0 _aPochmúrny dom
260 _aBratislava
_bSmena
_c1973
020 _c50
044 _axo
_cSK
041 _aslo
999 _c10350
_d10350